| 000 | 00874cab a2200265 4500 | ||
|---|---|---|---|
| 001 | WB3342-11 | ||
| 008 | 090401t1997 xxu||||| |||| 00| 0 eng d | ||
| 035 | _a(Sirsi) u81778 | ||
| 041 | _aeng | ||
| 245 | _aOffice demand theory | ||
| 260 | _c1997 | ||
| 350 | _a0 | ||
| 490 |
_aRICS Press Release _v(pr116.com) 29 October 1997, (2) |
||
| 520 | _aA new RICS research report "Right space: right price?" (RICS Books £9.95) assesses the extent to which changing working practices affect demand for office space and the implications for property market practice. | ||
| 650 | _aBUSINESS CYCLE | ||
| 650 | _aFUTURE | ||
| 650 | _aOFFICE SPACE | ||
| 650 | _aOFFICES | ||
| 650 | _aSUPPLY AND DEMAND | ||
| 650 | _aTECHNOLOGY | ||
| 650 | _aWORKING PRACTICES | ||
| 690 | _aPROPERTY-COMMERCIAL PROPERTY-COMMERCIAL PROPERTY MARKET | ||
| 942 | _n0 | ||
| 948 | _c29/10/1997 | ||
| 999 |
_c51563 _d51563 |
||